000
00261nam a2200097Ia 4500
008
200302s9999 xx 000 0 und d
100
_a
Francis D K Ching
245
_a
Building construction Illustrated 3rd ed.,
260
_b
John Wiley and Sons ,Inc
260
_c
2001
999
_c
3085
_d
3085